000 00747nam a2200253Ia 4500
003 OSt
005 20221006151053.0
006 a|||||r|||| 00| 0
007 ta
008 221006b |||||||| |||| 00| 0 jpn d
024 _a20,829
037 _bGift, Japan Foundation
_cTextual
040 _aEASL
_cEASL
_bjpn
041 _2jpn
_ajpn
082 _aX:326.42.N5, K8
100 _aKAJINISHI Mitsuhaya etc. Ed.
_9658228
245 0 _aNihon ni okeru shihon shugi no hattatsu
260 _aTokyo
_bTokyo Daigaku Shuppankai Japan
_c1968
300 _a592p.
_ccm.
490 _v JL
650 _aJL
942 _hX:326.42.N5, K8
_cTEXL
_2CC
999 _c1088915
_d1088915